书目信息 |
| 题名: |
阿尔伯特·卡恩联合事务所
|
|
| 作者: | 维塔, 编著 ;郝笑丛 译 | |
| 分册: | ||
| 出版信息: | 北京 中国建筑工业出版社 2004.08 |
|
| 页数: | 144页 | |
| 开本: | 24cm | |
| 丛书名: | 国外建筑师及事务所名作丛书 | |
| 单 册: | ||
| 中图分类: | TU206 | |
| 科图分类: | ||
| 主题词: | 建筑设计--jian zhu she ji--意大利--现代--作品集 | |
| 电子资源: | ||
| ISBN: | 7-112-06381-7 | |
| 000 | 01180nam 2200265 450 | |
| 001 | 012007873563 | |
| 005 | 20240415164243.11 | |
| 010 | @a7-112-06381-7@dCNY69.00 | |
| 100 | @a20071226d2004 km y0chiy0120 ea | |
| 101 | 1 | @achi@cita |
| 102 | @aCN@b110000 | |
| 105 | @aa z 000yy | |
| 200 | 1 | @a阿尔伯特·卡恩联合事务所@Aa er bo te·ka en lian he shi wu suo@d= Albert Kahn associates@f(意) 毛里齐奥·维塔编著@F(yi)mao li qi ao·wei ta bian zhu@g郝笑丛译@Ghao xiao cong yi@zeng |
| 210 | @a北京@c中国建筑工业出版社@d2004.08 | |
| 215 | @a144页@c图@d24cm | |
| 225 | 2 | @a国外建筑师及事务所名作丛书@Aguo wai jian zhu shi ji shi wu suo ming zuo cong shu |
| 330 | @a本书展示的作品包括密歇根大学校医院;普罗维登斯医疗中心;艾瑟尔公司研究中心;曙光健康疗养中心等。作品均提供了竣工日期、业主、施工经理、景观/总平面、设备布置等信息。 | |
| 410 | 0 | @12001 @a国外建筑师及事务所名作丛书 |
| 500 | 10 | @aAlbert Kahn associates@mChinese |
| 606 | 0 | @a建筑设计@Ajian zhu she ji@y意大利@z现代@j作品集 |
| 690 | @aTU206@v4 | |
| 701 | 1 | @a维塔,@Awei ta@b毛里齐奥@4编著 |
| 702 | 0 | @a郝笑丛@Ahao xiao cong@4译 |
| 801 | 0 | @aCN@b河南城建学院图书馆@c20071226 |
| 905 | @b271426-27@dTU206@eW538@f2 | |
| 阿尔伯特·卡恩联合事务所= Albert Kahn associates/(意) 毛里齐奥·维塔编著/郝笑丛译.-北京:中国建筑工业出版社,2004.08 |
| 144页:图;24cm.-(国外建筑师及事务所名作丛书) |
| ISBN 7-112-06381-7:CNY69.00 |
| 本书展示的作品包括密歇根大学校医院;普罗维登斯医疗中心;艾瑟尔公司研究中心;曙光健康疗养中心等。作品均提供了竣工日期、业主、施工经理、景观/总平面、设备布置等信息。 |
| ● |
| 相关链接 |
|
|
|
正题名:阿尔伯特·卡恩联合事务所
索取号:TU206/W538
 
预约/预借
| 序号 | 登录号 | 条形码 | 馆藏地/架位号 | 状态 | 备注 |
| 1 | 1449096 | 214490969 | 建筑库101/101建筑库 43排2列4层/ [索取号:TU206/W538] | 在馆 | |
| 2 | 1449098 | 214490987 | 建筑库101/101建筑库 43排2列4层/ [索取号:TU206/W538] |
已借出,限还日期为2022.09.04 借出人:党伟 |
|
| 3 | 1449099 | 214490996 | 建筑库101/101建筑库 43排2列4层/ [索取号:TU206/W538] | 在馆 | |
| 4 | 1519133 | 215191334 | 建筑库101/101建筑库 43排2列4层/ [索取号:TU206/W538] | 在馆 | |
| 5 | 1519134 | 215191343 | 建筑库101/101建筑库 43排2列4层/ [索取号:TU206/W538] | 在馆 | |
| 6 | 1519135 | 215191352 | 建筑库101/101建筑库 43排2列4层/ [索取号:TU206/W538] | 在馆 | |
| 7 | 271426 | 202714269 | 建筑库101/101建筑库 43排2列4层/ [索取号:TU206/W538] | 在馆 | |
| 8 | 271427 | 202714278 | 建筑库101/101建筑库 43排2列4层/ [索取号:TU206/W538] | 在馆 |